|
|
|
|
| LEADER |
00000nas a2200000 a 4500 |
| 001 |
ssj0000580885 |
| 003 |
WaSeSS |
| 005 |
20200512172242.0 |
| 006 |
m d |
| 007 |
cr n |
| 008 |
101115d20112016nz uu s 0 a0eng c |
| 010 |
|
|
|a 2014247769
|
| 016 |
7 |
|
|a 101648786
|2 DNLM
|
| 022 |
|
|
|a 2230-2263
|l 2230-2263
|
| 035 |
|
|
|a (WaSeSS)ssj0000580885
|
| 040 |
|
|
|a NZ1
|b eng
|c NZ1
|d OCLCQ
|d CUS
|d NTE
|d OCLCF
|d PFM
|d OCLCO
|d PFM
|d EUW
|d OCLCO
|d NLM
|d OCLCO
|d OCLCQ
|d WT2
|d OCLCO
|d OCLCQ
|d OCLCA
|d OCLCQ
|d AU@
|d NLM
|d OCLCQ
|d CNMTR
|d OCLCQ
|d WaSeSS
|
| 042 |
|
|
|a pcc
|
| 050 |
|
4 |
|a RC281
|b .C4
|
| 060 |
0 |
0 |
|a W1
|
| 082 |
0 |
4 |
|a 614.59990842
|2 22
|
| 210 |
1 |
0 |
|a Clin Oncol Adolesc Young Adults
|2 dnlm
|
| 210 |
1 |
|
|a Clin. oncol. adolesc. young adults
|
| 222 |
|
0 |
|a Clinical oncology in adolescents and young adults
|
| 245 |
0 |
0 |
|a Clinical oncology in adolescents and young adults
|h [electronic resource].
|
| 260 |
|
|
|a [Auckland, N.Z.] :
|b Dove Medical Press,
|c [2011-2016]
|
| 362 |
1 |
|
|a Began with 2011:1; ceased with Volume 6 (2016)
|
| 506 |
|
|
|a License restrictions may limit access.
|
| 515 |
|
|
|a Articles added irregularly during the year and collected into annual issues.
|
| 588 |
0 |
|
|a 2011:1; title from journal home page (publisher's Web site, viewed on May 18, 2011).
|
| 588 |
1 |
|
|a 2015:5 (viewed Nov. 5, 2015).
|
| 650 |
|
0 |
|a Cancer in adolescence
|v Periodicals.
|
| 650 |
|
0 |
|a Oncology
|v Periodicals.
|
| 650 |
|
0 |
|a Young adults
|x Diseases
|v Periodicals.
|
| 650 |
1 |
2 |
|a Neoplasms.
|
| 650 |
2 |
2 |
|a Adolescent.
|
| 650 |
2 |
2 |
|a Young Adult.
|
| 650 |
|
7 |
|a Cancer in adolescence.
|2 fast
|0 (OCoLC)fst00845578
|
| 650 |
|
7 |
|a Oncology.
|2 fast
|0 (OCoLC)fst01045739
|
| 650 |
|
7 |
|a Young adults
|x Diseases.
|2 fast
|0 (OCoLC)fst01183204
|
| 655 |
|
0 |
|a Electronic journals.
|
| 856 |
4 |
0 |
|z Full text available from Research Library: 01/01/2011 to 01/31/2016
|u https://search.proquest.com/publication/3933185
|